Statistics for The Foods they Ate

Click here to take the quiz!

General Stats

  • This quiz has been taken 47,663 times
    (7,975 since last reset)
  • The average score is 13 of 20

Answer Stats

Hint Answer % Correct
What giant pandas eatBamboo
96%
Gives Popeye his strengthSpinach
95%
Favorite food of the Ninja TurtlesPizza
92%
Garfield loves this Italian dishLasagna
86%
James Bond drinks his shakenMartini
83%
What koalas eatEucalyptus
81%
Drink of the Greek gods and
also of hummingbirds
Nectar
79%
Homer Simpson sold his soul
for this tasty treat
Donut
72%
An "Elvis" sandwich has these
three fillings. Name one.
Bacon, Bananas, or
Peanut Butter
69%
What blue whales eatKrill
63%
Vikings drank this alcoholic beverage
made from honey
Mead
63%
Takeru Kobayashi became famous for
eating lots of these quickly
Hot Dogs
62%
"Eat me", it said. Alice did, and it
made her taller.
Cake
53%
Food of the Jews for forty years
in the desert
Manna
49%
Food of the Greek godsAmbrosia
47%
Naval beverage made of
water and rum
Grog
44%
The alien from "E.T." liked these candiesReeses Pieces
44%
Gives Pac-Man ghost-eating power{Power} Pellet
34%
What John the Baptist ate{Locusts} and honey
29%
Tasty, nutritious Elven bread{Lembas} Bread
24%

Score Distribution

Percentile by Number Answered

Percent of People with Each Score

Your Score History

You have not taken this quiz since the last reset